Visualizzazione normale
Vista MARC
- Panzuti Virgilio
di Personal Name
Records bibliografici associati: 1
001 - CONTROL NUMBER
- control field: 6476
003 - CONTROL NUMBER IDENTIFIER
- control field: IT-RoPau
005 - DATE AND TIME OF LATEST TRANSACTION
- control field: 20131220104952.0
008 - FIXED-LENGTH DATA ELEMENTS
- fixed length control field: 131220|| aca||aabn | a|a d
040 ## - CATALOGING SOURCE
- Original cataloging agency: IT-RoPau
- Transcribing agency: IT-RoPau
100 ## - HEADING--PERSONAL NAME
- Personal name: Panzuti Virgilio
- Dates associated with a name: Codice autore testo/musica SPICS: 13599
- Relator term: Autore testo/musica
- Name of part/section of a work: Gigolette
670 ## - SOURCE DATA FOUND
- Source citation: Work cat.: (IT-RoPau)99853: AA.VV. 794, All'osteria Vasco e Pietro (Lp Sfr Ri 646)